00246nam a2200085 a 450000500170000000800410001705000210005810000190007924500620009820140408090024.0021121s19uu xx 00 eng d aPGS '00bCHE #26 aChen, Yao Jung aThe Perception of LRU students on the transition program.